000 00557nam a22002057a 4500
003 0
005 20260116130727.0
008 260116b xxu||||| |||| 00| 0 eng d
020 _a978-981-09-3177-3
050 _aFIC
_bSt1 2015
082 _aFIC
_bSt1 2015
100 _aWatson, Jude
245 _aThe Mark of the crown
_cJude Watson
260 _aNew York, NY :
_bScholastic Inc.,
_c2015.
300 _a131 pages ;
_c20 cm.
440 _aStar Wars Jedi Apprentice
_v4
650 _aStar wars fiction.
650 _aJuvenile fiction.
942 _2ddc
_cBK
999 _c368723
_d368723